000 00288nam a22001217a 4500
008 181121b xxu||||| |||| 00| 0 eng d
041 _aeng
080 _a531
100 _a43
101 _aFIZ
245 _aLight Science Physics And The Visual Arts
_cRossing.TH.D
942 _2udc
_cBK
999 _c52273
_d52273